Click to Translate - Bashkir - Statistics

General Stats
  • This quiz has been taken 22 times
  • The average score is 11 of 20
Answer Stats
Hint Answer % Correct
black ҡара (qara)
89%
moon ай (aj)
83%
school мәктәп (məktəp)
83%
time ваҡыт (vaqyt)
83%
green йәшел (jəšel)
72%
language тел (tel)
72%
garden баҡса (baqsa)
67%
attention иғтибар (iġtibar)
61%
mountain тау (tau)
61%
home өй (öj)
56%
friend дуҫ (duth)
44%
young йәш (jəš)
44%
river йылға (jylġa)
44%
sun ҡояш (qoâš)
44%
food аҙыҡ-түлек (az̦yq-tülek)
39%
star йондоҙ (jondoz̦)
39%
person кеше (keše)
39%
autumn көҙ (köz̦)
39%
to look ҡарау (qarau)
28%
to be thirsty һыуһау (ḫyuḫau)
28%
No matching quizzes found
Score Distribution
Percent of People with Each Score
Percentile by Number Answered
Your Score History
You have not taken this quiz